| 000 | 00812nam a2200217Ia 4500 | ||
|---|---|---|---|
| 999 |
_c39851 _d39851 |
||
| 001 | 6456 | ||
| 003 | GE_BSU | ||
| 005 | 20191004152708.0 | ||
| 008 | 181216s1938||||ge |||||||||||||| ||geo|| | ||
| 040 | _cGE_BSU | ||
| 041 | _ageo | ||
| 080 | _a821.133.1-32 ბ-45 | ||
| 100 |
_aბელიაშვილი, აკაკი. _94491 |
||
| 245 |
_aახალი მოთხრობები / _cაკაკი ბელიაშვილი ; რედ. რ. გვეტაძე. |
||
| 264 |
_aთბილისი : _bფედერაცია ; _c1938. |
||
| 300 |
_a219 გვ. ; _c20 სმ. |
||
| 653 | _aახალი მოთხრობები | ||
| 653 | _aმოთხრობები | ||
| 700 |
_aგვეტაძე, რ. _eრედაქტორი _93715 |
||
| 942 |
_cBK _2udc |
||